| 000 | 00394nam a22001217a 4500 | ||
|---|---|---|---|
| 082 | _a200 THE | ||
| 100 |
_aFARYAL NOSHEEN _970707 |
||
| 245 | _aTH-SOF-1063-A PROPOSED METHODOLOGY FOR ANALYSIS OF COOKIE TRACKING AND COOKIE MANAGEMENT SOLUTION | ||
| 260 |
_aIslamabad _bNUST College of EME _c2001 |
||
| 650 | _a MS-CSE-12 MSTHESIS | ||
| 700 |
_aSUPERVISOR DR USMAN QAMAR _969693 |
||
| 942 | _cCF | ||
| 999 |
_c577610 _d577610 |
||